I 10 migliori calciatori maschi del mondo 2024 - Sudden Death - Statistics

Statistiche generali
  • Questo quiz è stato fatto 163 volte
  • Il punteggio medio è 5 su 10
Answers on the Grid
Answers color-coded by a green-red scale on the quiz's grid according to % correct below.
Robert Lewandowski Barcelona
Jude Bellingham Real Madrid
Emiliano Martínez Aston Villa
Harry Kane Bayern Munchen
Dani Carvajal Real Madrid
Florian Wirtz Bayer Leverkusen
Raphinha Barcelona
Lamine Yamal Barcelona
Vinícius Júnior Real Madrid
Lautaro Martínez Inter
Ademola Lookman Atalanta
Kylian Mbappé Real Madrid
Antonio Rüdiger Real Madrid
Rodri Manchester City
Erling Haaland Manchester City
 
Statistiche sulle risposte
Risposta % Corretto
Jude Bellingham Real Madrid
72%
Erling Haaland Manchester City
68%
Kylian Mbappé Real Madrid
62%
Rodri Manchester City
58%
Vinícius Júnior Real Madrid
57%
Lamine Yamal Barcelona
45%
Harry Kane Bayern Munchen
34%
Lautaro Martínez Inter
33%
Dani Carvajal Real Madrid
28%
Florian Wirtz Bayer Leverkusen
17%
Nessun quiz corrispondente trovato
Distribuzione punteggi
Percentuale di utenti per punteggio
Percentile per numero di risposta
I tuoi punteggi nel tempo
Non hai fatto questo quiz